| 000 | 00406nam a2200145 a 4500 | ||
|---|---|---|---|
| 001 | 000014654 | ||
| 005 | 20200929163859.0 | ||
| 008 | 100118s2008 dr r 001 0 spa d | ||
| 040 |
_aDO-SdBNP _bspa _cBNPHU |
||
| 082 |
_axxxx _bxxxx |
||
| 245 | 1 | 0 | _aGuía de negocios en la República Dominicana. |
| 260 |
_aSanto Domingo : _bPellerano & Herrera, _c2008. |
||
| 300 |
_a66 p. ; _c28 cm. |
||
| 049 | _aEn proceso | ||
| 999 |
_c14238 _d14238 |
||